Simeón González Ayquipa (Record no. 5194)

000 -CABECERA
fixed length control field 00776nam a22002177a 4500
003 - IDENTIFICADOR DEL NÚMERO DE CONTROL
control field AR-CdUCM
008 - DATOS DE LONGITUD FIJA--INFORMACIÓN GENERAL
fixed length control field 190312b ||||| |||| 00| 0 eng d
040 ## - FUENTE DE LA CATALOGACIÓN
Agencia/entidad que catalogó originalmente la obra MUNICIPALIDAD PROVINCIAL DEL CUSCO
Entidad que transcribió la catalogación BIBLIOTECA MUNICIPAL DEL CUSCO
082 ## - NÚMERO DE LA CLASIFICACIÓN DECIMAL DEWEY
No. de Clasificación 759.85 /
Notacion interna G69
100 ## - ENTRADA PRINCIPAL--NOMBRE DE PERSONA
Nombre Personal González Ayquipa, Simeón
245 ## - MENCIÓN DE TÍTULO
Título Simeón González Ayquipa
260 ## - PUBLICACIÓN, DISTRIBUCIÓN, ETC.
Lugar de publicación, distribución, etc. España :
Nombre de la editorial, distribuidor, etc. Corcelles-La española,
300 ## - DESCRIPCIÓN FÍSICA
Nº de Páginas Extensión 211 páginas ;
Otros detalles físicos Ilustraciones, desplegables,
Dimensiones 33 cm.
505 ## - NOTA DE CONTENIDO CON FORMATO
Nota de contenido formateada Un acercamiento al artista -- Sus inicios -- El artista y su entorno -- Comentario de Enrique Lorente -- La expresión del alma andina...
650 ## - PUNTO DE ACCESO ADICIONAL DE MATERIA--TÉRMINO DE MATERIA
Descriptor Arte
9 (RLIN) 561
650 ## - PUNTO DE ACCESO ADICIONAL DE MATERIA--TÉRMINO DE MATERIA
Descriptor Oleo
9 (RLIN) 15759
650 ## - PUNTO DE ACCESO ADICIONAL DE MATERIA--TÉRMINO DE MATERIA
Descriptor Catalogo
9 (RLIN) 12543
650 ## - PUNTO DE ACCESO ADICIONAL DE MATERIA--TÉRMINO DE MATERIA
Descriptor Arte peruano
9 (RLIN) 5992
942 ## - ELEMENTOS DE PUNTO DE ACCESO ADICIONAL (KOHA)
Fuente de clasificación
Tipo de item Libros-BMC
945 ## - PROCESAMIENTO DE INFORMACIÓN LOCAL (OCLC)
Catalogador dmma
Holdings
Estado de retiro (separado) Fuente de clasificación o esquema de estanterías Estado dañado Ubicación Sala donde se ubica Nombre de la colección Fecha de adquisición o compra Costo, precio normal en soles Signatura topográfica Código de Barras Última vez visto (Koha) Tipo de ítem (Koha)
No     Sala Artes Sala Artes Book Cart 2019-03-12 50.00 759.85 / G69 SA0000000301 2019-03-12 Libros-BMC

Powered by Koha